Singapurský rok tygra

Singapurská ekonomika a celosvetová kríza. Rastúce trhy v Ázii a singapurská expanzia. Rozpočtový deficit a HDP. Produktivita práce a medziročný rast ekonomiky v Singapure. Ľudské zdroje a pracovný trh. Daňové stimulácie a výhody pre podnikateľov a podniky. Ekonomický program a viazanosť na čínsku k...

Celý popis

Uložené v:
Podrobná bibliografia
Hlavný autor: Tomášek, Michal
Médium: Kapitola
Jazyk:Czech
Predmet:
Tagy: Pridať tag
Žiadne tagy, Buďte prvý, kto otaguje tento záznam!

MARC

LEADER 00000naa$a2200000$$$4500
001 0112555
005 20231129093307.6
041 0 |a cze 
044 |a CZ 
245 1 0 |a Singapurský rok tygra  |c Michal Tomášek 
520 |a Singapurská ekonomika a celosvetová kríza. Rastúce trhy v Ázii a singapurská expanzia. Rozpočtový deficit a HDP. Produktivita práce a medziročný rast ekonomiky v Singapure. Ľudské zdroje a pracovný trh. Daňové stimulácie a výhody pre podnikateľov a podniky. Ekonomický program a viazanosť na čínsku kultúru a ekonomiku. 
610 2 0 |a Singapur 
610 2 0 |a Čína 
610 2 0 |a juhovýchodná Ázia 
610 2 0 |a hospodárstvo kontinentov 
610 2 0 |a rast produktivity práce 
610 2 0 |a produkt domáci hrubý 
610 2 0 |a stratégia investičná 
610 2 0 |a stimuly ekonomické 
610 2 0 |a systémy daňové 
610 2 0 |a zdroje ľudské 
610 2 0 |a trh práce 
100 1 |a Tomášek, Michal